Neha, láska, poézia. /Spannerová-Nemčíková, Edita./ Noví slovenskí zaslúžilí umelci

Bibliographic Details
Main Authors: (vb) (Author), Vrbická, Eva (Author)
Format: Article
Language:Slovak
Subjects:

MARC

LEADER 00000nab a2200000 a 4500
001 vtls000027990
003 SK-MaSNL
005 20260303031231.0
008 111103c1979 xo 0 slo
015 |a SNBRB19rr/mm-uuuuu 
035 |a CL0038084 
040 |a SNKBUCL  |b slo  |c SNKBUCL  |e AACR2 
041 0 |a slo 
044 |a xo  |c SK 
080 |a 75  |2 1981 
080 |a 331.9  |2 1981 
080 |a 92 Spannerová-Nemčíková, Edita  |2 1981 
100 1 |a (vb)  |4 aut  |9 845326 
245 1 0 |a Neha, láska, poézia. /Spannerová-Nemčíková, Edita./  |b Noví slovenskí zaslúžilí umelci  |c (vb) ; Eva Vrbická 
600 1 7 |a Spannring, Petra  |2 snkbucl  |9 66048 
655 7 |a články z novín a časopisov  |2 snkbucl  |9 267496 
700 1 |a Vrbická, Eva  |4 aut  |9 311417 
773 0 |t Práca  |g Roč. 34, č. 107 (7. 5. 1979), s. 6 
850 |a Slovenská národná knižnica v Martine  |a MTA001 
852 |a SNK  |b KIS3GCP 
958 |a RK 
992 |a RBX 
999 |c 1656784  |d 1658714